Biblioteca y Centro de Documentación

Majority minority (Registro nro. 52604)

Detalles MARC
000 -CABECERA
Longitud fija campo de control 03149nam a2200397 c 4500
001 - NÚMERO DE CONTROL
Número de control 52604
003 - IDENTIFICADOR DE NÚMERO DE CONTROL
Identificador del número de control ES-MaCES
005 - FECHA Y HORA DE LA ÚLTIMA TRANSACCIÓN
Fecha y hora de la última transacción 20250203134106.0
008 - CAMPO FIJO DE DESCRIPCIÓN FIJA--INFORMACIÓN GENERAL
Códigos de información de longitud fija   221215s2022 uk 000 | eng d
020 ## - ISBN (INTERNATIONAL STANDARD BOOK NUMBER)
Número Internacional Normalizado para Libros (ISBN) 9780197641798
040 ## - FUENTE DE CATALOGACIÓN
Centro catalogador de origen ES-MaCES
Lengua de catalogación spa
Centro transcriptor ES-MaCES
100 1# - ENCABEZAMIENTO PRINCIPAL--NOMBRE PERSONAL
9 (RLIN) 40563
Nombre de persona Gest, Justin
245 10 - MENCIÓN DE TÍTULO
Título Majority minority
Mención de responsabilidad, etc. Justin Gest
260 ## - PUBLICACIÓN, DISTRIBUCIÓN, ETC (PIE DE IMPRENTA)
Lugar de publicación, distribución, etc. New York
Nombre del editor, distribuidor, etc. Oxford University Press
Fecha de publicación, distribución, etc. [2022]
300 ## - DESCRIPCIÓN FÍSICA
Extensión XI, 406 p.
Otras características físicas gráf., mapas bl. y n.
Dimensiones 25 cm
500 ## - NOTA GENERAL
Nota general Índices
504 ## - NOTA DE BIBLIOGRAFÍA, ETC.
Nota de bibliografía, etc. Bibliografía: p. 379-399
520 ## - RESUMEN, ETC.
Sumario, etc, ¿Cómo responden las sociedades a los grandes cambios demográficos? Esta pregunta persiste en la política contemporánea de los Estados Unidos y otros países donde la inmigración persistente ha alterado las poblaciones y pronto puede producir un hito de minoría mayoritaria, donde la mayoría étnica o religiosa original pierde su ventaja numérica frente a uno o más grupos minoritarios de origen extranjero. Hasta ahora, la mayor parte de nuestro conocimiento sobre las respuestas a gran escala al cambio demográfico se ha basado en estudios de las reacciones de personas individuales, que tienden a ser instintivamente defensivas e intolerantes. Sabemos poco acerca de por qué y cómo estos hábitos a veces se moderan para promover una coexistencia más exitosa.<br/>Para anticipar e informar futuras respuestas al cambio demográfico, Justin Gest mira hacia el pasado. En Majority Minority, Gest utiliza un análisis histórico y un trabajo de campo basado en entrevistas dentro de seis de las pocas sociedades del mundo que ya han experimentado una transición mayoritaria-minoritaria para comprender qué factores producen diferentes resultados sociales. Gest concluye que, en lugar de ceder a los prejuicios de la gente, los estados tienen un gran poder para dar forma a las respuestas públicas y las percepciones del cambio demográfico a través de las instituciones políticas y la retórica de los líderes. A través de investigaciones de encuestas posteriores, Gest también identifica formas novedosas en que los líderes pueden aprovechar el sentimiento nacionalista para reducir el atractivo del nativismo, enmarcando la inmigración y el cambio demográfico en términos de interés nacional. Basado en ricas narrativas y sorprendentes hallazgos de encuestas, Majority Minority revela que este hito polémico y las políticas de identidad que lo acompañan están sujetos en última instancia a una gobernanza unificadora o divisiva.
541 ## - NOTA DE LA FUENTE INMEDIANTE DE ADQUISICIÓN
Forma de adquisición Compra
650 #4 - ASIENTO SECUNDARIO DE MATERIA--TÉRMINO DE MATERIA
Término de materia o nombre geográfico como elemento inicial demografía
9 (RLIN) 28502
650 #4 - ASIENTO SECUNDARIO DE MATERIA--TÉRMINO DE MATERIA
Término de materia o nombre geográfico como elemento inicial dinámica poblacional
9 (RLIN) 28510
650 #4 - ASIENTO SECUNDARIO DE MATERIA--TÉRMINO DE MATERIA
Término de materia o nombre geográfico como elemento inicial inmigración
9 (RLIN) 28632
650 #4 - ASIENTO SECUNDARIO DE MATERIA--TÉRMINO DE MATERIA
Término de materia o nombre geográfico como elemento inicial grupo minoritario
9 (RLIN) 27311
650 #4 - ASIENTO SECUNDARIO DE MATERIA--TÉRMINO DE MATERIA
Término de materia o nombre geográfico como elemento inicial identidad cultural
9 (RLIN) 29870
650 #4 - ASIENTO SECUNDARIO DE MATERIA--TÉRMINO DE MATERIA
Término de materia o nombre geográfico como elemento inicial gestión transcultural
9 (RLIN) 30721
650 #4 - ASIENTO SECUNDARIO DE MATERIA--TÉRMINO DE MATERIA
Término de materia o nombre geográfico como elemento inicial formación intercultural
9 (RLIN) 30291
650 #4 - ASIENTO SECUNDARIO DE MATERIA--TÉRMINO DE MATERIA
Término de materia o nombre geográfico como elemento inicial cohesión social
9 (RLIN) 30743
650 #4 - ASIENTO SECUNDARIO DE MATERIA--TÉRMINO DE MATERIA
Término de materia o nombre geográfico como elemento inicial relaciones interétnicas
9 (RLIN) 28526
650 #4 - ASIENTO SECUNDARIO DE MATERIA--TÉRMINO DE MATERIA
Término de materia o nombre geográfico como elemento inicial cambio social
9 (RLIN) 27286
650 #4 - ASIENTO SECUNDARIO DE MATERIA--TÉRMINO DE MATERIA
Término de materia o nombre geográfico como elemento inicial estudio de casos
9 (RLIN) 28846
653 10 - TÉRMINO DE INDEXACIÓN--NO CONTROLADO
Término no controlado Ciencias Sociales-Políticas
710 2# - ENCABEZAMIENTO SECUNDARIO--NOMBRE CORPORATIVO
9 (RLIN) 5440
Nombre de entidad o nombre de jurisdicción como elemento inicial University of Oxford
Término indicativo de función ed.
775 ## - ENTRADA DE OTRA EDICIÓN
Número de control del registro relacionado 22521
902 ## - CES. TIPO DE DOCUMENTO
Tipodoc (006$c Sirtex) LIB Libro
942 ## - ELEMENTOS KOHA
Fuente de clasificaión o esquema Clasificación propia del CES
Koha [por defecto] tipo de item Monografías
Parte de clasificación Ciencias Sociales Politicas Empresariale
Existencias
Número de registro Signatura completa Tipo de item de Koha
092921 SG-7.0.-654 Monografías
© CES, Consejo Económico y Social de España 2021